[Event "Caxambu op"]
[Site "Caxambu"]
[Date "2023.07.21"]
[Round "2"]
[White "Gomes, Marco Tulio Caldeir"]
[Black "Monteiro, Mauricio Bertelli D"]
[Result "0-1"]
[WhiteElo "1649"]
[BlackElo "1304"]
[PlyCount "86"]
[EventDate "2023.07.20"]
[EventType "swiss"]
[EventRounds "7"]
[EventCountry "BRA"]
[SourceTitle "CBM 215 Extra"]
[Source "ChessBase"]
[SourceDate "2023.09.30"]
[SourceVersion "1"]
[SourceVersionDate "2023.09.30"]
[SourceQuality "1"]

1. c4 Nf6 2. Nc3 e6 3. e4 d6 4. g3 Be7 5. Bg2 c5 6. Nge2 Nc6 7. d3 0-0 8. 0-0 Nd4 9. Nxd4 cxd4 10. Ne2 e5 11. h3 a5 12. f4 Bd7 13. f5 Bc6 14. g4 Nd7 15. Ng3 Bg5 16. Rf3 b5 17. b3 bxc4 18. bxc4 Bxc1 19. Qxc1 Rb8 20. Nh5 g6 21. f6 Kh8 22. Qg5 Rg8 23. Ng3 Nf8 24. Qd2 Qb6 25. Rf2 Qb4 26. Rd1 Qxd2 27. Rdxd2 Ne6 28. Rb2 a4 29. Bf1 Nc5 30. h4 a3 31. Rbd2 Rb4 32. Rg2 Rgb8 33. g5 Rb2 34. h5 Rxd2 35. Rxd2 Rb2 36. Rf2 Na4 37. hxg6 hxg6 38. Be2 Nc3 39. Rh2+ Kg8 40. Kf1 Rxa2 41. Nf5 gxf5 42. exf5 Rxe2 43. Rh6 a2 0-1